000 00693nam a2200217Ia 4500
005 20241129104238.0
008 241129s9999||||xx |||||||||||||| ||und||
020 _a9781529620917
037 _aTextual
040 _aRTL
_beng
_cRTL
041 _aeng
_2eng
084 _aX9:8 R3
_qRTL
100 _aGopal Ram; Philps Dan; Weyde Tillman
_9725419
245 0 _aFoundations of programming statistics and machine learning for business analytics
_cGopal Ram; Philps Dan; Weyde Tillman
260 _aLondon
_bSage Publications
_c2023
300 _axiv,492p.
365 _aINR
_b4831.47
650 _aBusiness Analytics
_9725420
942 _cTB
_hX9:8 R3
999 _c1225050
_d1225050